| 000 | 00729nam a2200229 a 4500 | ||
|---|---|---|---|
| 999 |
_c5213 _d5213 |
||
| 001 | 5213 | ||
| 003 | BD-JhCC | ||
| 005 | 20220228134021.0 | ||
| 008 | 171210s20022013bg a|||| ||a| 000 0 ben d | ||
| 020 | _a9843221758 | ||
| 035 | _a(BD-JhCC)5213 | ||
| 040 |
_aBD-JhCC _dBD-JhCC |
||
| 041 | _aben | ||
| 082 |
_a330 _bNAT 2002 |
||
| 100 | _aনাথ, রণজিত কুমার | ||
| 245 |
_aঅর্থনীতি প্রথম পত্র একাদশ-দ্বাদশ শ্রেণী / _cরণজিত কুমার নাথ |
||
| 260 |
_aঢাকা : _bহাসান বুক হাউস, _c2002. |
||
| 300 |
_a240 p. : _c23 cm. |
||
| 650 | _aEconomics | ||
| 942 |
_2ddc _cBK _06 |
||